| 000 | 00492cam a2200181 4500 | ||
|---|---|---|---|
| 001 | D13080 | ||
| 008 | 090401t1930 xxu||||| |||| 00| 0 eng d | ||
| 035 | _a(Sirsi) u7668 | ||
| 041 | _aeng | ||
| 110 |
_aInwood _91435 |
||
| 245 | _aInwood`s Tables of interest and mortality for the purchasing of estates and valuation of properties | ||
| 250 | _a33rd | ||
| 260 |
_aLondon _bCrosby Lockwood & Son _c1930 |
||
| 350 | _a0 | ||
| 520 | _aReserve shelf 117 | ||
| 942 | _n0 | ||
| 948 | _c04/03/1997 | ||
| 999 |
_c86428 _d86428 |
||